| 000 | 00908nam a22002417a 4500 | ||
|---|---|---|---|
| 005 | 20240530110350.0 | ||
| 008 | 141222s2010 ua g b 000 0 ara d | ||
| 017 |
_a2009/4381 _bمصر . دار الكتب المصرية |
||
| 020 | _a97722451612 | ||
| 040 | _aEG-CaGPL | ||
| 041 | 0 | _aara | |
| 082 | 0 | 4 |
_221 _a214.61\ _bم م |
| 100 | 0 | _aمحمد ابراهيم النادى فرج | |
| 245 | 1 | 0 |
_aموت الدماغ و موقف الفقة الاسلامى منة : _bدراسة مقارنة / _cمحمد ابراهيم النادى فرج |
| 250 | _aط1 | ||
| 260 |
_aالقاهرة : _bدار الفكر الجامعى ، _c2010 |
||
| 300 |
_a139 ص ؛ _c24 سم |
||
| 504 | _aببليوجرافية : ص 123 - 136 | ||
| 650 | 0 | 4 |
_aموت الدماغ _xالاحكام الفقهية |
| 650 | 0 | 4 | _aالفقهة الاسلامى |
| 942 |
_2ddc _cBK |
||
| 999 |
_c60059 _d60059 |
||